Statistics for Greatest Video Game Characters of the Decade.

Click here to take the quiz!

General Stats

  • This quiz has been taken 1,608 times
    (1,605 since last reset)
  • The average score is 8 of 30

Answer Stats

HintAnswer% Correct
4Halo*Master Chief
73%
3Uncharted*Nathan Drake
68%
7God of War*Kratos
66%
11Heavy RainEthan Mars
64%
10Assassin's Creed*Ezio Auditore da Firenze
58%
2Red Dead RedemptionJohn Marston
57%
1Portal*GLaDOS
54%
5Grand Theft Auto IVNiko Bellic
49%
12Mass Effect*Commander Shepard
47%
14Call of Duty*Captain John Price
41%
26Professor Layton*Professor Layton
31%
27Ace Attorney*Phoenix Wright
30%
19Metal Gear Solid 3: Snake EaterThe Boss
24%
8BioShockAndrew Ryan
20%
18Grand Theft Auto: Vice CityTommy Vercetti
18%
6Half-Life 2Alyx Vance
15%
28Shadow of the ColossusWander
13%
16Uncharted*Elena Fisher
12%
21Final Fantasy XAuron
11%
25Xenosaga*KOS-MOS
10%
24Beyond Good & EvilJade
8%
13BullyJimmy Hopkins
8%
17Mass Effect 2The Illusive Man
8%
22PsychonautsRaz Aquato
7%
29Red Dead RedemptionBonnie MacFarlane
5%
30Katamari*King of All Cosmos
5%
15Star Wars: Knights of the Old Republic*HK-47
4%
20BraidTim
4%
9Dragon Age: OriginsLoghain Mac Tir
3%
23Lost OdysseyKaim Argonar
2%

Score Distribution

Percentile by Number Answered

Percent of People with Each Score

Your Score History

You have not taken this quiz since the last reset